000 01021nam0a2200301 4500
001 RU\NLR\ONL1\10964
005 20250613120808.0
035 _a(NLR Aleph) 009639710
090 _a9540635
_c9540635
100 _a20070321d1937 |||y0rusy50 ca
101 0 _audm
102 _aRU
105 _ay |||||||||
200 1 _aУдмурт калык кырз|ан'ёс нотаосын
_fсост. М. Петров, А. Каторгин
210 _aИжевск
_cУдгиз
_d1937
215 _a44,[4] c.
_d20
300 _aЗагл. обл.: Кырз|ан'ёс
512 1 _aКырз|ан'ёс
541 1 _aУдмуртские народные песни
_zrus
606 0 _aУдмуртский фольклор
_9962126
_3RU\NLR\auth\66359564
686 1 _aШ3(235=У)-631
702 1 _aПетров
_bМ. П.
_gМихаил Петрович
_4220
801 0 _aRU
_bNLR
_c20070321
_gPSBO
852 _aNLR
_bОНЛ
_jУдмур./2-68
942 _cBOOK
980 _aNB